| 000 | 00685cam a2200241 4500500 | ||
|---|---|---|---|
| 005 | 20260329005006.0 | ||
| 041 | _afre | ||
| 042 | _adc | ||
| 100 | 1 | 0 |
_aN’Diaye, Aïda _eauthor |
| 245 | 0 | 0 | _aComment être sûr d’avoir bien agi ? |
| 260 | _c2022. | ||
| 500 | _a20 | ||
| 690 | _aAction | ||
| 690 | _aAltruisme | ||
| 690 | _aBien | ||
| 690 | _aCertitude | ||
| 690 | _aConséquentialisme | ||
| 690 | _aJohn Stuart Mill | ||
| 690 | _aMorale | ||
| 690 | _aRuwen Ogien | ||
| 786 | 0 | _nPhilosophie magazine | 156 | 2 | 2022-02-01 | p. 55-55 | 1951-1787 | |
| 856 | 4 | 1 | _uhttps://shs.cairn.info/magazine-philosophie-magazine-2022-2-page-55?lang=fr&redirect-ssocas=7080 |
| 999 |
_c1839245 _d1839245 |
||